La propuesta: retratos de la beligerancia popular en la Argentina democrática

Shranjeno v:
Bibliografske podrobnosti
Glavni avtor: Auyero, Javier
Korporativna značnica: Universidad de Buenos Aires
Format: Texto
Izdano: Buenos Aires: UBA
Oznake: Označite
Brez oznak, prvi označite!

MARC

LEADER 00000 a a2200000 04500
001 27734
003
040
020 |a 687-1075-10-3  
090 |a 186100  
100 |a Auyero, Javier  
110 |a Universidad de Buenos Aires  
245 |a La propuesta: retratos de la beligerancia popular en la Argentina democrática  
260 |a Buenos Aires:   |b UBA  
300 |a 86 p  
999 |c 14228  |d 14228